[Event "Odorheiu Secuiesc zt"]
[Site "Odorheiu Secuiesc"]
[Date "1995.??.??"]
[Round "7"]
[White "Jansa, Vlastimil"]
[Black "Groszpeter, Attila"]
[Result "1-0"]
[WhiteElo "2525"]
[BlackElo "2520"]
[Annotator "Ftacnik,L"]
[PlyCount "74"]
[EventDate "1995.03.??"]
[EventType "swiss"]
[EventRounds "9"]
[EventCountry "ROU"]
[SourceTitle "CBM 047"]
[Source "ChessBase"]
[SourceDate "1995.08.01"]
[SourceVersion "1"]
[SourceVersionDate "1995.08.01"]
[SourceQuality "1"]

1. e4 c5 2. Nc3 Nc6 3. Nge2 Nf6 4. d4 cxd4 5. Nxd4 d6 6. g3 e5 7. Nde2 Be7 8.
Bg2 O-O 9. O-O Be6 10. h3 Rc8 (10... a6 11. Be3 b5 12. Qd2 Qc7 13. g4 Rac8 14.
Rac1 Rfd8 15. Nd5 Bxd5 16. exd5 Na5 17. b3 Nb7 18. c4 Qd7 19. cxb5 axb5 20. b4
Rf8 21. Rc6 Nd8 22. Rxc8 Qxc8 23. Qd3 h5 24. Rc1 {Waldmann,H-Klemm,D/Dresden
op/1993/1-0 (41)}) 11. Be3 (11. f4 b5 12. b3 Nb4 13. Bb2 a5 14. Kh2 Qb6 15. Rc1
a4 16. a3 Na6 17. Nd5 Bxd5 18. exd5 Nd7 19. g4 Rfe8 20. Ng3 exf4 21. Nh5 Ne5
22. Bd4 Qc7 23. bxa4 bxa4 24. Rxf4 {Rodriguez,A-Rogers,I/Moscow olm (04)
URU-AUS/1994/0-1 (30)}) 11... Qa5 (11... a6 12. Qd2 Qc7 13. Rac1 Nb8 14. g4
Nfd7 15. Nd5 Bxd5 16. exd5 b5 17. Ng3 Rfe8 18. Rfd1 Bf8 19. Ne4 Qb7 20. g5 b4
21. h4 a5 22. Bh3 Rc4 23. Qd3 Rc7 24. h5 {Motwani,P-Rivera,D/Moscow olm (05)
SCO-URU/1994/0.5 (42)}) 12. Qd2 Rfd8 13. Rfd1 h6 14. b3 Rd7 15. Nd5 $1 Qxd2 16.
Rxd2 b5 $1 (16... Bd8 17. c4 $16) 17. Nxe7+ Nxe7 18. f4 Rdc7 19. c3 Ne8 (19...
d5 20. f5 Bd7 21. exd5 Nxf5 22. d6 $16) 20. f5 Bd7 21. g4 Bc6 22. c4 $1 bxc4
23. b4 Rb7 24. Nc3 $1 (24. a3 $6 a5 25. bxa5 Rb3 $13) 24... Rxb4 25. Bxa7 Ra8
26. Bf2 Ra3 (26... Rab8 27. Rc1 {xc4}) 27. Rc1 g5 28. Be1 Rb8 29. Bf1 Rc8 30.
Rdd1 (30. Bxc4 $6 Ba8 31. Nb5 Re3 $36) 30... Ba8 31. Rb1 Kg7 (31... Nf6 32. Nb5
Rxa2 33. Nxd6 Rf8 34. Bxc4 $40) 32. Rb4 Ra6 (32... d5 33. exd5 Nd6 34. f6+ $1
Kxf6 35. Rb6 $18) 33. Rxc4 Rb8 (33... Rxc4 34. Bxc4 Ra3 35. Bb3 $16) 34. Rc7 $4
$138 Nxc7 35. Bxa6 Nxa6 36. f6+ Kf8 (36... Kxf6 37. Rxd6+ Kg7 38. Rxa6) 37.
fxe7+ Kxe7 $17 1-0

[Event "Vidmar Memorial 15th"]
[Site "Terme Zrece"]
[Date "2003.08.22"]
[Round "5"]
[White "Borisek, Jure"]
[Black "Sedlak, Nikola"]
[Result "0-1"]
[WhiteElo "2443"]
[BlackElo "2528"]
[Annotator "Ftacnik,L"]
[PlyCount "106"]
[EventDate "2003.08.17"]
[EventType "tourn"]
[EventRounds "9"]
[EventCountry "SLO"]
[EventCategory "12"]
[SourceTitle "CBM 097"]
[Source "ChessBase"]
[SourceDate "2003.11.11"]
[SourceVersion "1"]
[SourceVersionDate "2003.11.11"]
[SourceQuality "1"]

1. e4 c5 2. Nf3 d6 3. d4 cxd4 4. Nxd4 Nf6 5. Nc3 Bd7 6. f3 e5 7. Nb3 Bc6 8. Be3
Be7 9. Qd2 a5 10. O-O-O {Sedlak has chosen very unusual development of the
bishop to c6 with a speedy counterattack with a pawn. The set up is seldom
played, but might have some future.} a4 11. Na1 O-O 12. g4 Na6 13. g5 Nh5 (
13... Nd7 14. h4 f5 15. Bc4+ Kh8 16. a3 $14) 14. Rg1 a3 15. b3 (15. bxa3 $2 Nc7
$15) 15... Nb4 16. Kb1 Qa5 17. Bh3 (17. Bc4 Rfc8 18. g6 hxg6 19. Qg2 Kf8 20.
Bxf7 Nxc2 21. Qxc2 Kxf7 22. Rc1 $13) 17... Nf4 (17... Rfd8 18. Nd5 Bxd5 19.
exd5 Nxd5 20. Qxd5 Qc3 21. Bc1 Nf4 22. Qxb7 Nxh3 23. Rg3 Nf4 (23... Bxg5 24. f4
$18) 24. Qxe7 Ne2 $13) 18. Bxf4 exf4 19. Nd5 (19. Qxf4 d5 $1 20. exd5 Nxd5 21.
Nxd5 Bxd5 $11) (19. Ne2 d5 20. c3 Nxa2 21. Kxa2 dxe4 $132) 19... Bxd5 20. exd5
Qc5 (20... Bd8 21. c3 Na6 22. b4 Qc7 23. Rc1 $14) 21. c3 Na6 22. Nc2 (22. Qxf4
Qxc3 23. Qd4 Qa5 $11) 22... Nc7 23. Qd4 $6 {White could not find courage for
the exposing of pawns in front of his own king, black pieces would have been
rather limited.} (23. b4 $1 Qa7 (23... Qb5 24. c4 Qxc4 25. Bf1 $18) 24. c4 Qa4
25. Rde1 $16) 23... Nb5 24. Qxc5 dxc5 25. Rd3 Bd6 (25... Rfd8 26. c4 Nd6 27.
Rd2 b5 $11) 26. Re1 Nc7 27. c4 g6 (27... Rfe8 $5 28. Rxe8+ Rxe8 29. Bg4 (29.
Nxa3 Re1+ 30. Kc2 Ra1 31. Kc3 Be5+ 32. Kd2 Ne8 $11) 29... Re2 30. h3 Na6 $11)
28. Bd7 Kg7 (28... f6 29. gxf6 Kf7 30. Ba4 Kxf6 31. Nxa3 $16) 29. Rd2 Rh8 $1 {
Black needs to open up the h file in order to get real counterplay against
white's weaknesses.} 30. Rf2 h6 31. gxh6+ Rxh6 32. Kc1 Rh5 33. Kd2 Rd8 (33...
Rah8 34. Nxa3 Rxh2 35. Rxh2 Rxh2+ 36. Re2 Rh8 $14) 34. Ba4 b5 $1 35. Bxb5 (35.
cxb5 $2 Nxd5 $15) 35... Nxb5 36. cxb5 Rxd5+ 37. Kc1 (37. Kc3 Bc7 38. Re4 Ba5+
39. Kc4 Rd2 $13) 37... Be7 38. Rfe2 Bh4 39. Rf1 c4 $2 {Sedlak is playing with
great ambitions, but in this moment objectivity has failed him and white will
obtain advantage.} (39... Ra8 40. Rd1 Rxd1+ 41. Kxd1 Bf6 42. Re4 $14) 40. bxc4
Rd3 41. Nb4 Re3 42. Rc2 (42. Rxe3 $2 fxe3 43. Nc2 e2 44. Rg1 Bg5+ $19) (42. Rd2
Rc8 43. Nc6 Bf6 44. Kd1 $16) 42... Bf6 43. Nd5 Bb2+ 44. Kd2 $6 (44. Rxb2 $5
axb2+ 45. Kxb2 Rd3 46. a4 Rh8 47. Rf2 $18) (44. Kb1 Rd3 45. b6 Re8 $14) 44...
Re5 45. Rxb2 (45. Rd1 Rexd5+ 46. cxd5 Rxd5+ 47. Ke2 Re5+ 48. Kf2 Rxb5 49. Rd7
$14) 45... axb2 46. Kc3 (46. Rb1 Rexd5+ 47. cxd5 Rxd5+ 48. Kc3 Rxb5 49. Rxb2
Re5 50. Kc4 $14) 46... Rc8 47. Kd4 $2 {Borisek has lost overview in the
endgame and this last mistake will cost him full point.} (47. Kxb2 $2 Rxc4 48.
Rd1 Rc5 49. Nc3 Re3 $19) (47. b6 Rxd5 48. b7 Rb8 49. cxd5 Rxb7 50. Rb1 g5 $1
51. h3 f5 52. a4 Kf6 $11) 47... Re2 48. Kd3 Rf2 49. Rb1 Rxf3+ 50. Kd4 Rf2 51.
Kd3 Ra8 52. b6 Rxa2 53. b7 Ra3+ 0-1

[Event "Poikovsky Karpov 08th"]
[Site "Poikovsky"]
[Date "2007.03.23"]
[Round "8"]
[White "Zhang, Pengxiang"]
[Black "Dreev, Alexey"]
[Result "1/2-1/2"]
[WhiteElo "2643"]
[BlackElo "2658"]
[Annotator "Ftacnik,L"]
[PlyCount "53"]
[EventDate "2007.03.15"]
[EventType "tourn"]
[EventRounds "9"]
[EventCountry "RUS"]
[EventCategory "17"]
[SourceTitle "CBM 117"]
[Source "ChessBase"]
[SourceDate "2007.03.30"]
[SourceVersion "1"]
[SourceVersionDate "2007.03.30"]
[SourceQuality "1"]

1. e4 c5 2. Nf3 Nc6 3. Nc3 d6 4. d4 cxd4 5. Nxd4 Nf6 6. f3 e5 7. Nb3 Be7 8. Be3
O-O 9. Qd2 a5 10. Nd5 {Zhang Pengxiang is trying to address the annoying
advance of the black a pawn the help of the new move as 10.Bb5 is not
promissing much.} (10. Bb5 Na7 (10... Be6 11. Nd5 (11. O-O-O Qc7 12. Qf2 Rfc8
13. Kb1 b6 14. g4 Nd7 15. h4 Nc5 16. Nd5 Bxd5 17. exd5 Na7 18. Nxc5 bxc5 19.
Ba4 Rcb8 20. c3 {1-0 Kudrin,S (2510)-Zaltsman,V (2390)/New York 1983/ (33)}) (
11. Rd1 Nb4 12. a3 Na6 13. Qf2 Nc7 14. Nc5 Qc8 15. Nxe6 fxe6 16. Qe2 d5 17.
exd5 exd5 18. Bf2 Nxb5 19. Qxb5 d4 20. Nd5 Nxd5 21. Qxd5+ Kh8 22. O-O Qxc2 23.
Qxe5 Bf6 {1/2 Grosar,A (2370)-Popovic,P (2510)/Kladovo 1991/ (30)}) 11... Bxd5
12. exd5 Nb4 13. c4 e4 14. O-O Nd3 15. Nd4 Ne5 16. Nf5 exf3 17. gxf3 Nh5 18.
Nxe7+ Qxe7 19. Rae1 Qf6 20. f4 Qg6+ 21. Kh1 Nxc4 {0-1 Mestel,A (2475)-Stean,M 
(2540)/Hastings 1979/ (35)}) 11. Bd3 Nc6 12. a3 Be6 13. Rd1 g6 (13... a4 14.
Nc1 Qa5 15. O-O Rfd8 16. Qf2 Nd7 17. Bb5 Nc5 18. Nd3 Nd4 19. Bxd4 exd4 20. Qxd4
Rdc8 21. Qb4 {1-0 Oleksienko,M (2541)-Monroy,C (2408)/Guingamp 2007/ (60)}) 14.
O-O a4 15. Nc1 d5 16. exd5 Nxd5 17. Nxd5 Qxd5 18. Ne2 Bc5 19. Kh1 Rfd8 {
1/2 Morozevich,A (2747)-Andreikin,D (2509)/playchess.com INT 2007/ (63)}) 10...
Nxd5 11. exd5 a4 12. dxc6 (12. Nc1 Nd4 13. Bxd4 exd4 14. Bd3 (14. Qxd4 $2 Bf6
15. Qb4 a3 $19) 14... Bg5 15. f4 Bh4+ 16. g3 Bf6 $17) 12... axb3 13. cxb3 (13.
cxb7 Bxb7 14. cxb3 Bh4+ 15. Bf2 e4 $17) 13... bxc6 {Very interesting and
unbalanced position has appeared on the board. Black is mighty in the center
while white can hope to run with his passed a pawn.} 14. Bd3 d5 15. O-O c5 (
15... f5 $5 16. b4 Be6 $15) 16. Qc2 $1 d4 {Dreev has got annoyed about the
double blow from white bishops. Sacrificing the c5 one seems to have promissed
full equality.} (16... f5 $5 17. Bxc5 Be6 18. b4 e4 19. Be2 Qc7 $11) 17. Bxh7+
Kh8 18. Be4 (18. Bf2 f5 19. Bg6 Qd6 20. Bh5 Qh6 $19) 18... dxe3 $5 {[%mdl 1024]
This spirited move is nothing of not enterprizing, black is hoping for the
very original counterplay.} (18... Ra7 19. Bf2 Qd6 20. Rfe1 $14) 19. Bxa8 Ba6
20. Be4 e2 (20... Bxf1 21. Kxf1 Qd6 22. Qe2 f5 23. Rd1 Qh6 24. Bd5 Qxh2 25.
Qxe3 $16) 21. Rfe1 f5 (21... Qd4+ 22. Kh1 Qe3 23. Bd5 Bd3 24. Qc1 $16) 22. Bxf5
Qd4+ 23. Kh1 Bh4 24. g3 $2 {It is hard to blame the chinese grandmaster for
refusing to retreat with his rook, but 24.Reb1! would have put Dreev in the
critical situation.} (24. Reb1 $1 Bb7 25. Be4 (25. Qd3 Bf2 26. Bg6 Rf6 27. h3
$16) 25... Bxe4 26. Qxe4 Qxe4 27. fxe4 Bf2 28. g3 Ra8 29. a4 Rb8 30. Kg2 e1=Q
31. Rxe1 Bxe1 32. Rxe1 Rxb3 33. Ra1 $18) 24... Qf2 25. Qe4 (25. gxh4 $2 Qxf3+
26. Kg1 Qe3+ $19) (25. Be4 Bxg3 26. hxg3 Rf6 27. Qd2 Rh6+ 28. Qxh6+ gxh6 $17) (
25. Bg4 Bxg3 26. hxg3 Rf6 27. Bh5 Qxg3 28. Qe4 Qh3+ 29. Kg1 Qg3+ $11) 25...
Rxf5 $1 26. Qxf5 (26. gxh4 Rf4 $19) (26. Qxh4+ Kg8 27. Qd8+ Kh7 28. Qh4+ $11)
26... Bb7 {Now white is "lost", but fortunately can give perpetual check.} 27.
Qh5+ 1/2-1/2

[Event "RUS-chT 11th"]
[Site "Sochi"]
[Date "2004.04.23"]
[Round "4.1"]
[White "Morozevich, Alexander"]
[Black "Alekseev, Evgeny V"]
[Result "1-0"]
[WhiteElo "2732"]
[BlackElo "2616"]
[Annotator "Ftacnik,L"]
[PlyCount "63"]
[EventDate "2004.04.20"]
[EventType "team-tourn"]
[EventRounds "9"]
[EventCountry "RUS"]
[SourceTitle "EXT 2020"]
[Source "ChessBase"]
[SourceDate "2019.10.17"]
[SourceVersion "1"]
[SourceVersionDate "2019.10.17"]
[SourceQuality "1"]
[WhiteTeam "Tomsk 400"]
[BlackTeam "Togliatti Lada"]
[WhiteTeamCountry "RUS"]
[BlackTeamCountry "RUS"]

{[%mdl 1]} 1. e4 c5 2. Nf3 d6 3. d4 cxd4 4. Nxd4 Nf6 5. Nc3 Nc6 6. f3 e5 7. Nb3
Be7 8. Be3 Be6 9. Qe2 $5 {Morozevich simply loves non standard solutions, so
far white players have tried the set up with queen on e2 only once.} O-O (9...
a5 10. O-O-O Qb8 11. Kb1 O-O 12. Nd5 Bxd5 13. exd5 Nb4 14. Qb5 Qc8 15. Bc4 Bd8
16. a3 Na6 17. Qa4 Nd7 18. Bb5 Nb6 19. Qe4 Nc7 20. Bxb6 Nxb5 21. Be3 Nc7 22. c4
f5 23. Qc2 Na6 24. c5 a4 25. Nc1 Nxc5 {0-1 Shklovski,V-Berkvens,J/Hoogeveen
2000/ (47)}) 10. O-O-O Na5 (10... Rc8 11. g4 (11. Nc5 Bxa2 12. Nxa2 Qa5 13.
Nxb7 Qxa2 14. Qa6 Qxa6 15. Bxa6 Rc7 $17) 11... Bxb3 12. axb3 Qa5 13. Kb1 Nb4
14. g5 Nh5 15. Qb5 $14) 11. Nc5 Bc4 12. Qe1 Qc7 (12... Bxf1 13. Rxf1 (13. Qxf1
$2 Qb6 $19) 13... Nc4 14. Bf2 Qc7 15. Nd3 Rfc8 16. g4 Na3 17. Rd2 Nc4 18. Re2
$14) 13. Nb3 Nxb3+ (13... Bxf1 14. Qxf1 Nc4 15. Bg5 $14) 14. axb3 Be6 (14...
Bxf1 15. Rxf1 Rfc8 16. Rd3 b5 17. Qd2 $14) 15. g4 Rfc8 16. g5 Nd7 $6 {Alekseev
is letting himself be distracted by the unusual set up on the queenside. Much
better was the idea of slowing down advance of white's pawns with a well known
move Nh5!} (16... Nh5 $1 17. Kb1 (17. Qh4 g6 18. Bh3 b5 19. Rd2 Qa5 20. Kb1 Rc6
$40) 17... a5 18. Qh4 g6 19. Bh3 b5 20. Rd2 $13) 17. Kb1 a6 18. h4 Qc6 (18...
b5 19. Qf2 (19. Rh2 Nb6 20. h5 b4 $13) 19... Qc6 20. h5 $14) 19. Rh2 b5 20. h5
Bd8 $2 (20... Nb6 21. g6 h6 22. gxf7+ Kxf7 23. Qg3 $14) 21. g6 Ba5 22. Qh4 Bxc3
23. h6 $3 {[%mdl 128] The punishment for a slow transfer of the black's dark
squared bishop comes in a form of sudden attack on the kingside.} fxg6 (23...
Bxb2 $2 24. gxh7+ Kh8 25. hxg7+ Kxg7 26. h8=Q+ Rxh8 27. Qg5+ Kf8 28. Rxh8#) (
23... hxg6 24. hxg7 Kxg7 25. Qh6+ Kf6 26. Bg5#) 24. hxg7 h5 (24... Kxg7 25.
Qxh7+ Kf6 26. Bg5+ Kxg5 27. Qh4#) 25. Qg5 Kxg7 (25... Bb4 26. Qxg6 Bf7 27. Qh6
$18) 26. bxc3 Bf7 {After this move white will change the nature of the board
to shooting field and black will succumb under the violent blows of white's
attacking pieces.} (26... Nf8 27. Rd3 (27. Qe7+ Kg8 28. Rxd6 Qxc3 29. Bh6 Rc7
30. Qg5 Qe1+ 31. Ka2 Bxb3+ 32. cxb3 Qa5+ $11) 27... Kf7 28. f4 Nh7 29. Qh6 Nf6
30. f5 gxf5 31. exf5 Bxf5 32. Rf2 $18) (26... Kf7 27. f4 (27. Rxh5 gxh5 (27...
Nf8 28. Rh8 Qxc3 29. Rc1 Bxb3 $17) 28. Qxh5+ Ke7 29. Bg5+ Nf6 30. Qh7+ Bf7 31.
Qg7 d5 32. Rxd5 Qe6 33. Bh3 $18) 27... Qxe4 28. fxe5 Qxe5 29. Rf2+ Nf6 30. Qh4
Bf5 31. Bd4 Qe6 32. Bd3 $40) 27. Qh6+ Kg8 (27... Kf6 28. Bg5+ Ke6 29. Bh3#) 28.
Rxh5 $1 gxh5 29. Bxb5 axb5 (29... Nf8 30. Bxc6 Rxc6 31. Rg1+ $18) 30. Rg1+ Bg6
31. Qxg6+ Kf8 32. Qg8+ 1-0

[Event "Interpolis-02"]
[Site "Tilburg"]
[Date "1978.09.02"]
[Round "2"]
[White "Timman, Jan H"]
[Black "Larsen, Bent"]
[Result "1-0"]
[WhiteElo "2585"]
[BlackElo "2620"]
[Annotator "Ftacnik,L"]
[PlyCount "57"]
[EventDate "1978.09.01"]
[EventType "tourn"]
[EventRounds "11"]
[EventCountry "NED"]
[EventCategory "14"]
[SourceTitle "MCL"]
[Source "ChessBase"]
[SourceDate "1999.07.01"]
[SourceVersion "1"]
[SourceVersionDate "1999.07.01"]
[SourceQuality "1"]

1. e4 c5 2. Nf3 d6 3. d4 Nf6 4. Nc3 cxd4 5. Nxd4 Nbd7 $5 $146 {[Samarian]} 6.
Be2 (6. Be3) (6. Bg5) (6. f4) 6... Nc5 7. f3 g6 (7... e6 $142 $1) 8. Be3 Bg7 9.
Qd2 Bd7 10. g4 Na4 (10... Rc8 11. h4 h5 12. g5 $16) (10... O-O 11. h4 $16) 11.
g5 Nh5 12. Nxa4 Bxa4 13. f4 Qd7 (13... Nxf4 14. Bxf4 e5 15. Qb4 $1) (13... Rc8
14. Bxh5 gxh5 15. c3) 14. Bxh5 gxh5 15. Nf5 $1 Bf8 (15... Bxb2 16. Rb1 Ba3 (
16... Qb5 17. Bd4 $18) (16... Qc6 17. Rxb2 Qxe4 18. Ng3 $18) 17. Qc3 $18) (
15... Rg8 $18) 16. Bd4 Rg8 17. O-O-O Rg6 18. Qe2 h6 19. gxh6 Bxh6 20. Nxh6 Rxh6
21. Rhg1 $18 Rg6 (21... O-O-O 22. Bxa7 $18) 22. f5 Rxg1 23. Rxg1 O-O-O 24. Bxa7
e6 25. Rg3 exf5 26. Rc3+ Bc6 27. b4 Qe6 (27... b5 28. Qxb5) 28. b5 Qxa2 (28...
Qxe4 29. Qf1 $1 Qe5 30. Kb2 $18) 29. Qf2 1-0

[Event "Wch U20"]
[Site "Yerevan"]
[Date "1999.09.21"]
[Round "4"]
[White "Bakhtadze, Giorgi"]
[Black "Gershon, Alik"]
[Result "0-1"]
[WhiteElo "2403"]
[BlackElo "2492"]
[Annotator "Gershon,A"]
[PlyCount "79"]
[EventDate "1999.09.18"]
[EventType "swiss"]
[EventRounds "13"]
[EventCountry "ARM"]
[SourceTitle "CBM 072 Extra"]
[Source "ChessBase"]
[SourceDate "1999.11.18"]
[SourceVersion "1"]
[SourceVersionDate "1999.11.18"]
[SourceQuality "1"]

1. e4 c5 2. Nf3 d6 3. d4 Nf6 4. Nc3 cxd4 5. Nxd4 Nc6 6. f3 Qb6 (6... Nxd4 7.
Qxd4 g6 8. b3 (8. Bg5 Bg7 9. O-O-O (9. Nd5 O-O 10. Bxf6 exf6 11. O-O-O f5 12.
Qa4 fxe4 13. Qxe4 Be6 14. Kb1 Rc8 15. Qb4 Rc5 16. Nf4 Bf5 17. Bd3 Rc6 18. Qa3
Rb6 19. c3 Be6 20. Nxe6 fxe6 21. Bc4 d5 22. Bb3 Qb8 $11 {1/2-1/2 Spangenberg,
H-Sorokin,M/La Plata 1997/CBM 62 ext (27)}) 9... O-O 10. e5 Qa5 11. Bxf6 dxe5
12. Qxe5 Qxe5 13. Bxe5 Bxe5 14. Nd5 Bd6 15. Bc4 Be6 16. Bb3 Rfd8 17. g3 Kg7 18.
Rd2 h5 19. Nc3 Bf5 20. Rhd1 Rdc8 21. Bd5 Rab8 22. Ne4 Bc7 23. Ng5 e6 24. Bb3
Bd8 25. h4 b5 26. Rd7 $16 {1-0 Fressinet,L-Delchev,A/Andorra 1997/CBM 58 ext 
(58)}) (8. Bb5+ Bd7 9. Bxd7+ Qxd7 10. Nd5 Bg7 11. Bg5 Nh5 12. Qb4 e6 13. Ne3 a5
14. Qd2 h6 15. Bh4 Bxb2 16. Rb1 Bg7 17. Nc4 O-O 18. O-O Qc6 19. Nxd6 Bc3 $17 {
0-1 Wallace,J-Bagaturov,G/Linares 1998/CBM 62 ext (29)}) 8... Bg7 9. Bb2 O-O
10. Qd2 Be6 11. O-O-O Rc8 12. Kb1 a6 13. Bd3 Rc5 14. Ne2 b5 15. Rhe1 Qb8 16. g4
Rfc8 17. Nf4 Bc4 18. g5 Bxd3 19. cxd3 Rxg5 20. d4 Bh6 21. Qf2 d5 22. h4 Qxf4
23. hxg5 Bxg5 $13 {1/2-1/2 Thorhallsson,T-Gurevich,D/New York 1997/CBM 57 ext 
(51)}) 7. Nb3 e6 8. Qe2 a6 9. Be3 (9. g4 h6 (9... Qc7 10. g5 Nd7 11. Be3 b5 12.
O-O-O Nce5 $13) 10. Be3 Qc7 11. O-O-O b5 12. Kb1 Ne5 13. Qf2 b4 (13... Bd7 14.
Bd3 b4 15. Ne2) (13... Nc4 14. Bc1) 14. Na4 (14. Ne2 Nc4 15. Bc1 e5) 14... Rb8
15. Rg1 (15. Nb6 $2 Nexg4 16. fxg4 Nxg4 17. Qf3 Nxe3 $19) 15... Bb7 (15... Bd7
16. Nb6 Bc6 {black's threat is now be4} 17. Nd2 Be7 $13) 16. Bb6 $1 (16. Nd4
Ned7 $1 17. b3 e5 18. Nf5 d5 $13 (18... Bc6 19. Nb2 Bxe4 20. fxe4 Nxe4 21. Qf3
Nc3+ 22. Ka1 Qa5 23. Na4 Nxd1 24. Qxd1 d5 $15)) 16... Qc6 (16... Qd7 17. Nac5)
17. Ba7 Ra8 (17... Rd8 18. Nb6 {and black has no good way to defend from Na5})
18. Na5 Qxa4 19. Nxb7 $13 {1/2-1/2 Arizmendi,Y-Gershon,A/Mermaid Beach 1999 
(34)}) 9... Qc7 10. g4 b5 11. O-O-O Nd7 12. Kb1 Nce5 {[%cal Gb5b4,Gc7c6]} 13.
Qf2 (13. f4 Nc4 14. Bd4 Bb7 {[%cal Ge6e5]}) 13... Bb7 14. Rg1 Nc4 $2 (14... Rc8
$142 15. f4 (15. Nd4 b4 16. Nce2 Nc4 17. Bc1 e5 18. Nb3 Na3+ $19) (15. Bd3 b4
$36) 15... b4 16. fxe5 (16. Na4 Bxe4 $19) 16... bxc3 17. exd6 Bxd6 18. Bd4 Be5
$17) 15. Bxc4 bxc4 (15... Qxc4 16. Na5) 16. Nd4 (16. Nd2 Be7 17. Qe2 Rc8 18. g5
O-O 19. f4 d5 $132) 16... Rb8 17. g5 Nc5 (17... g6 18. h4 Bg7 19. h5 O-O 20.
hxg6 hxg6 21. Rh1 $36 Qb6 $140 $4 22. Qh2 Rfc8 23. Qh7+ Kf8 24. Nxe6+) 18. Qe2
Qb6 19. Bc1 a5 (19... g6 20. Qxc4 Bg7 21. Na4 Nxa4 22. Qxa4+ Ke7 23. c3 Rhc8
24. Qa3 {Black has some compensation for the pawn but probably not enough}) 20.
f4 (20. Qxc4 $4 Ba6) {[%tqu "En","How would you fight for an advantage as
black here?","","","b7a6","",0,"c5d3","",10]} 20... Ba6 $6 (20... Nd3 $1 21.
cxd3 Qxd4 22. Be3 (22. dxc4 $4 Qxc3 $3 {This key move should have been seen
before black's playing Nd3.} 23. bxc3 Bxe4+ 24. Ka1 Rb1#) 22... cxd3 23. Rxd3
Qc4 $36) 21. f5 $2 (21. Qe3 $13) 21... Nd3 22. cxd3 (22. fxe6 fxe6 23. Nxe6
Nxb2 24. Nd5 Nxd1+ $1 25. Nxb6 Rxb6+ 26. Ka1 Rb1+ 27. Kxb1 Nc3+ 28. Kb2 Nxe2
$19) 22... Qxd4 23. Ka1 cxd3 24. Qe1 Be7 25. Be3 Qb4 26. Qf2 a4 27. Rc1 Bd8 28.
fxe6 (28. Bd4 O-O 29. f6 g6 30. Rg2 a3 31. b3 Ba5 $19 32. Qh4 h5 $44) 28...
fxe6 29. e5 Rf8 30. Qg2 d5 (30... Rf3 $2 31. g6 Rxe3 32. gxh7 $18) 31. Nd1 Bc4
(31... a3 32. Rb1 Bc7 $19) 32. Qh3 Kd7 33. Qxh7 Rf3 34. Qxg7+ Be7 35. Bd4 (35.
Rg2 a3 36. b3 Rxe3 37. Nxe3 d2 38. Rc2 Bd3 $19) (35. Rg3 Rf1 36. Rg2 a3 37. b3
Rxd1 $1 38. Rxd1 Qc3+ 39. Kb1 Bxb3 $19) 35... d2 36. Rc3 (36. Rc2 Ra3 37. Nc3
Qb3 $19) 36... Rf4 37. Be3 d4 38. a3 Qb6 $1 39. Rxc4 dxe3 $19 40. Rc3 $138 (40.
Rxf4 e2) (40. Rc3 e2 41. Rd3+ Rd4 $19) 0-1